Lana Del Rey - Sweet Lyrics - Statistics

General Stats
  • This quiz has been taken 50 times
    48 since last reset
  • The average score is 198 of 246
Answer Stats
Answer % Correct
sweet
100%
Sweet
100%
a
96%
Do
96%
do
96%
I
96%
in
96%
In
96%
the
96%
want
96%
you
96%
You
96%
and
92%
And
92%
be
92%
go
92%
If
92%
I'm
92%
me
92%
me?
92%
no
92%
basic
88%
bitch
88%
children?
88%
I've
88%
marry
88%
run
88%
some
88%
to
88%
wanna
88%
by
83%
country
83%
eyes
83%
got
83%
my
83%
not
83%
Not
83%
of
83%
on
83%
sea?
83%
Stars
83%
stars
83%
then
83%
who
83%
with
83%
women
83%
your
83%
Beach
79%
Beverly
79%
different
79%
find
79%
her
79%
it
79%
it?
79%
kind
79%
Long
79%
marathons
79%
north
79%
them
79%
things
79%
up
79%
where
79%
woman
79%
can
75%
'Cause
75%
come
75%
hand
75%
house
75%
I'll
75%
really
75%
that's
75%
That's
75%
there
75%
what
75%
What
75%
about
71%
at
71%
but
71%
didn't
71%
don't
71%
Griffith
71%
hiking
71%
just
71%
like
71%
one
71%
understand
71%
we
71%
will
71%
wish
71%
wrote
71%
you'll
71%
bare
67%
could
67%
feet
67%
goes
67%
heart
67%
magic
67%
nothing
67%
remember
67%
tell
67%
'bout
63%
call
63%
here
63%
makin'
63%
Midwest
63%
nobody
63%
note
63%
now
63%
send
63%
someone
63%
talkin'
63%
think
63%
valley
63%
very
63%
all
58%
been
58%
best
58%
came
58%
contemplate
58%
from?
58%
life?
58%
lot
58%
method
58%
out
58%
said
58%
stuff
58%
taught
58%
we've
58%
Center
54%
Thinking
54%
barefeet
50%
doin'
50%
Lately
50%
somewhere
50%
was
50%
Genesee
46%
Get
46%
woods
42%
night
38%
sad
38%
No matching quizzes found
Score Distribution
Percent of People with Each Score
Percentile by Number Answered
Your Score History
You have not taken this quiz since the last reset